Name all Shawn Mendes Songs (updated 2020) - Statistics

General Stats
  • This quiz has been taken 195 times
  • The average score is 8 of 13
Answer Stats
Handwritten Illuminate Shawn Mendes Wonder % Correct
life of the party there's nothing holdin' me back in my blood intro
80%
stitches ruin fallin' all in you wonder
78%
air lights on why monster
70%
never be alone mercy where were you in the morning? higher
69%
something big don't be a fool lost in japan call my friends
67%
kid in love treat you better nervous 24 hours
65%
strings like this particualar taste dream
62%
aftertaste no promises because I had you song for no one
61%
I know what you did last summer understand mutual look up at the stars
58%
a little too much patience queen always been you
56%
crazy honest youth 305
56%
I dont even know your name three empty words like to be you teach me how to love
55%
this is what it takes bad reputation perfectly wrong piece of you
48%
No matching quizzes found
Score Distribution
Percent of People with Each Score
Percentile by Number Answered
Your Score History
You have not taken this quiz